000 00702cam a22002413a 4500
001 15655
003 PGUSA
005 20140828083332.0
008 050419s2005||||xxu|||||s|||||000 1 eng d
040 _aPGUSA
_beng
042 _adc
050 4 _aPZ
100 1 _aHawley, Mabel C.
245 1 0 _aFour Little Blossoms and Their Winter Fun
_h[electronic resource] /
_cMabel C. Hawley
260 _bProject Gutenberg,
_c2005
506 _aPublic domain in the USA.
516 _aElectronic text
653 _aBrothers and sisters -- Juvenile fiction
653 _aWinter -- Juvenile fiction
830 0 _aProject Gutenberg
_v15655
856 4 0 _uhttp://www.gutenberg.org/ebooks/15655
942 _cEB
999 _c244910
_d244910